000 00436nab a2200145Ia 4500
003 ES-SlBCS
005 20210601131744.0
008 140529s1929 xxu||||| |||| 00| 0 fre d
041 _afre
100 1 _aDanel, Joseph
_9188625
245 0 0 _aLe travail forcéaux colonies
_c Joseph Danel
650 0 4 _aTrabajos Forzados-Colonias
_9188626
773 0 _tVie Intelectuelle (La)
_gvol. 2, nº. 9, 1929, págs. 1028-1034
_wRev907
942 _cAR
999 _c568256
_d568256